|
|
|
|
| LEADER |
00000nab a2200000ua 4500 |
| 001 |
vtls010817157 |
| 003 |
SK-MaSNL |
| 005 |
20260303212740.0 |
| 008 |
230218s2012 xo |||||||||||||||||slo| |
| 035 |
|
|
|a (urnnbn)urn:nbn:sk:snk:ar-a05l4p
|
| 035 |
|
|
|a urn:nbn:sk:snk-ab5ld9
|
| 035 |
|
|
|a (uuid)d08691e5-e631-4752-b954-d886b03e78f3
|
| 040 |
|
|
|a SNKBUCL
|b slo
|c SNKBUCL
|e AACR2
|
| 041 |
0 |
|
|a slo
|
| 044 |
|
|
|a xo
|c SK
|
| 100 |
1 |
|
|a Andrezálová Vochyanová, Iveta
|4 aut
|9 1116564
|
| 245 |
1 |
0 |
|a HEPATOCELULÁRNY KARCINÓM
|c Iveta Andrezálová Vochyanová
|
| 773 |
0 |
|
|t Gastroenterológia pre prax
|g Roč. 11, č. 1 (2012), s. 25-29
|
| 954 |
|
|
|a odborná, vedecká literatúra pôvodná (slovenská)
|2 lita
|
| 958 |
|
|
|a OND
|
| 958 |
|
|
|a EUIPO
|
| 958 |
|
|
|a article5
|
| 999 |
|
|
|c 2208900
|d 2210830
|